000 00293nam a22001337a 4500
008 170929b xxu||||| |||| 00| 0 eng d
020 _a9781269270755
041 _aeng
080 _a37
100 _a47
101 _aEDU
245 _aPEARSON CUSTOM LIBRARY
_cNEULEIB.I
942 _2udc
_cBK
999 _c30601
_d30601